Group theory and its physical applications /
Guardado en:
| Autor Principal: | |
|---|---|
| Formato: | Libro |
| Idioma: | English |
| Publicado: |
Chicago :
University of Chicago Press,
[1966]
|
| Series: | Chicago lectures in physics
|
| Materias: | |
| Etiquetas: |
Agregar Etiqueta
Sin Etiquetas, Sea el primero en etiquetar este registro!
|
| LEADER | 00709cam a22002051a 4500 | ||
|---|---|---|---|
| 001 | MAT.inmabb005965 | ||
| 008 | 840710s1966####ilua##########000#0#eng## | ||
| 005 | 20130412160311.0 | ||
| 245 | 1 | 0 | |a Group theory and its physical applications / |c [by] L.M. Falicov. Notes compiled by A. Luehrmann. |
| 260 | |a Chicago : |b University of Chicago Press, |c [1966] | ||
| 300 | |a 224 p. : |b il. ; |c 21 cm. | ||
| 440 | 0 | |a Chicago lectures in physics | |
| 510 | 4 | |a MR, |c 34 #5441 | |
| 100 | 1 | |a Falicov, Leopoldo Maximo, |d 1933- | |
| 650 | 0 | |a Group theory. | |
| 650 | 0 | |a Mathematical physics. | |
| 084 | |a 81Rxx (20-01 20C35 81-01) |2 msc2000 | ||
| 010 | |a 66013867 | ||
| 040 | |a DLC/ICU |c ICU |d DLC | ||
| 859 | |h 81 |i F189 |p A-5163 |b BIB. MATEMATICA | ||
